Normal view
MARC view
- Geometry, Analytic
Entry Topical Term
001 - CONTROL NUMBER
- control field: 39374
003 - CONTROL NUMBER IDENTIFIER
- control field: NUST
005 - DATE AND TIME OF LATEST TRANSACTION
- control field: 20210314131424.0
008 - FIXED-LENGTH DATA ELEMENTS
- fixed length control field: 210314|| aca||aabn | a|a d
040 ## - CATALOGING SOURCE
- Original cataloging agency: NUST
- Transcribing agency: NUST
150 ## - HEADING--TOPICAL TERM
- Topical term or geographic name entry element: Geometry, Analytic
- General subdivision: Solid
670 ## - SOURCE DATA FOUND
- Source citation: Work cat.: (NUST): Smith, Charles, 39373, An elementary treatise on solid geometry, 1907.
